000
00261nam a2200109Ia 4500
008
190911s9999||||xx |||||||||||||| ||und||
100
_a
Mcdaniel,George
245
0
_a
IBM Dictionary of Computing
260
_a
USA
_b
Mc Graw Hill
_c
1994
300
_a
758
942
_c
BK
999
_c
6941
_d
6941